Lingüística estructural / (Record no. 16872)

000 -CABECERA
fixed length control field 00740nam a22002057a 4500
003 - IDENTIFICADOR DEL NÚMERO DE CONTROL
control field AR-CdUCM
008 - DATOS DE LONGITUD FIJA--INFORMACIÓN GENERAL
fixed length control field 190506b ||||| |||| 00| 0 spa d
040 ## - FUENTE DE LA CATALOGACIÓN
Agencia/entidad que catalogó originalmente la obra MUNICIPALIDAD PROVINCIAL DEL CUSCO
Entidad que transcribió la catalogación BIBLIOTECA MUNICIPAL DEL CUSCO
082 ## - NÚMERO DE LA CLASIFICACIÓN DECIMAL DEWEY
No. de Clasificación 401 /
Notacion interna R74
100 ## - ENTRADA PRINCIPAL--NOMBRE DE PERSONA
Nombre Personal Rodríguez Adrados, Francisco
245 ## - MENCIÓN DE TÍTULO
Título Lingüística estructural /
260 ## - PUBLICACIÓN, DISTRIBUCIÓN, ETC.
Lugar de publicación, distribución, etc. Madrid :
Nombre de la editorial, distribuidor, etc. Gredos,
Fecha de publicación, distribución, etc. 1969.
300 ## - DESCRIPCIÓN FÍSICA
Nº de Páginas Extensión 2 tomos ;
Dimensiones 20 cm.
440 ## - MENCIÓN DE SERIE/PUNTO DE ACCESO ADICIONAL--TÍTULO
Título Biblioteca Románica Hispánica ;
Número de la parte/sección de una obra 3
9 (RLIN) 36587
505 ## - NOTA DE CONTENIDO CON FORMATO
Nota de contenido formateada Contenido: t.2: Principios generales -- Fonología -- Morfemas y sistemas morfológicos -- La palabra...
650 ## - PUNTO DE ACCESO ADICIONAL DE MATERIA--TÉRMINO DE MATERIA
Descriptor Lingüística estructural
9 (RLIN) 36588
650 ## - PUNTO DE ACCESO ADICIONAL DE MATERIA--TÉRMINO DE MATERIA
Descriptor Funcionalismo
9 (RLIN) 36589
942 ## - ELEMENTOS DE PUNTO DE ACCESO ADICIONAL (KOHA)
Fuente de clasificación
Tipo de item Libros-BMC
945 ## - PROCESAMIENTO DE INFORMACIÓN LOCAL (OCLC)
Catalogador acv
AAAA-MM-DD - Fecha de ingreso o modificacion 2019-05-06
Holdings
Estado de retiro (separado) Fuente de clasificación o esquema de estanterías Estado dañado Ubicación Sala donde se ubica Nombre de la colección Fecha de adquisición o compra Costo, precio normal en soles Signatura topográfica Código de Barras Última vez visto (Koha) Tipo de ítem (Koha)
No     Sala Humanidades Sala Humanidades Book Cart 2019-05-06 30.00 401 / R74 SH0000011984 2019-05-06 Libros-BMC
No     Sala Humanidades Sala Humanidades Book Cart 2019-05-09 30.00 401 / R74 / t.2 / e.2 SH0000012642 2019-05-09 Libros-BMC

Powered by Koha